نقد الإمام الذهبي لبيان الوهم والإيهام / (رقم التسجيلة. 82616)

تفاصيل مارك
000 -LEADER
fixed length control field 00503nam a22001697a 4500
005 - DATE AND TIME OF LATEST TRANSACTION
control field 20251108172548.0
008 - FIXED-LENGTH DATA ELEMENTS--GENERAL INFORMATION
fixed length control field 250721s9999 xx 000 0 ara d
082 14 - DEWEY DECIMAL CLASSIFICATION NUMBER
Classification number 213.2/حما
100 1# - MAIN ENTRY--PERSONAL NAME
Personal name حمادة، فاروق
245 10 - TITLE STATEMENT
Title نقد الإمام الذهبي لبيان الوهم والإيهام /
264 1# - PRODUCTION, PUBLICATION, DISTRIBUTION, MANUFACTURE, AND COPYRIGHT NOTICE
Place of production, publication, distribution, manufacture الدار البيضاء :
Name of producer, publisher, distributor, manufacturer دار الثقافة،
300 ## - PHYSICAL DESCRIPTION
Extent 151 ص
650 17 - SUBJECT ADDED ENTRY--TOPICAL TERM
Topical term or geographic name as entry element الحديث
650 17 - SUBJECT ADDED ENTRY--TOPICAL TERM
Topical term or geographic name as entry element علوم الحديث
942 ## - ADDED ENTRY ELEMENTS (KOHA)
Source of classification or shelving scheme Dewey Decimal Classification
Koha item type كتب
المقتنيات
حالة السحب حالة الفقدان مصدر التصنيف حالة التلف غير قابل للإعارة المكتبة الرئيسية المكتبة الحالية تاريخ التزويد الرقم المتسلسل Total Checkouts رقم الإستدعاء الباركود تاريخ آخر ظهور تاريخ الفاتورة نوع المادة (كوها)
    Dewey Decimal Classification     المكتبة المركزية المكتبة المركزية 28/07/2025 1650437   213.2/حما PLD00404055 28/07/2025 28/07/2025 كتب
Implemented & Customized by: BBB with SCIT (Smart Chains for Information Technology)

Powered by Koha